Dôveruj mi

Bibliographic Details
Main Author: Barker, Becky (Author)
Other Authors: Baloghová, A. (Translator)
Format: Book
Language:Slovak
English
PhysicalDescription:150 s. 19 cm
Published: Martin Wist 2006
ISBN:8080494460
Edition:[1. vyd.]
Series:Love story
Subjects:

MARC

LEADER 00000cam a2200000 a 4500
001 vtls008826929
003 SK-MaSNL
005 20260301205617.0
008 251029s2006 xo g 000 f slo
015 |a SNBA2006/08-04372 
020 |a 8080494460  |q (brož.)  |c Sk 89,00 Sk 
035 |a 8C5FBA09-4D0B-4379-AC88-832C71567B5B 
035 |a urn:nbn:sk:snk-amjeaj 
035 |a urn:nbn:sk:snk-am0012q0 
040 |a SNK  |b slo  |c SNK  |e AACR2 
041 1 |a slo  |h eng 
044 |a xo  |c SK 
072 7 |a 821.111(73)-3  |x Americká próza  |x konspekt  |2 konspekt 
080 |a 821.111(73)-31  |2 2001 
080 |a (0:82-312.5)  |2 2001 
100 1 |a Barker, Becky  |4 aut  |9 306174 
240 1 0 |a To Trust again  |l Slovenska 
245 1 0 |a Dôveruj mi  |c Becky Barker ; [preložila Baloghová A. 
250 |a [1. vyd.] 
260 |a Martin  |b Wist  |c 2006 
300 |a 150 s.  |c 19 cm 
490 1 |a Love story  |v 257 
655 7 |a americké romány  |2 SNKPH  |9 1174 
655 7 |a ľúbostné romány  |2 SNKPH  |9 70497 
700 1 |a Baloghová, A.  |4 trl  |9 591962 
830 0 |a Love story  |9 276554 
919 |a 80-8049-446-0 
968 |b ENG  |d 821 
999 |c 910784  |d 912714 
952 |a SNK  |b SNK  |y PREZ  |7 0  |p 17A0520003  |o snkSD 75838  |i snk2006/16604  |8 0  |0 0  |1 0  |4 0  |d 2006-08-23  |l 0  |r 2025-11-24 00:00:00  |w 2026-02-24 
952 |a SNK  |b SNK  |y PREZ  |7 0  |p 17A0520713  |o snkSD 75838 D1  |i snk2006/17111  |8 0  |0 0  |1 0  |4 0  |d 2006-08-31  |f 1  |l 0  |r 2017-06-30 00:00:00  |w 2026-02-24